00466ntaaa2200169 45000030003000000050017000030080021000200400037000410820017000781000022000952450032001172500010001492600042001593000010002015000055002116500030002660120251027202205.00714s1973 ag 01  aAR-BaBNbspacAR-BaBNeaacrdRIC a267.4000 M42 aMather, Juliette  aWay of missionary education a1 ed. aNashville : bBroadman Press, cc1939 a176 p aTeaching and study helps by Mrs George Mc Williams aUnión femenil misionera